|
|
|
|
| LEADER |
00000nam a2200000 a 4500 |
| 001 |
vtls001368797 |
| 003 |
SK-MaSNL |
| 005 |
20260301070841.0 |
| 008 |
240315s1999 xo a r slo |
| 015 |
|
|
|a SNBA1999/10-03603
|
| 020 |
|
|
|a 8006009295
|
| 035 |
|
|
|a SNK000322510
|
| 035 |
|
|
|a urn:nbn:sk:snk-amkju5
|
| 035 |
|
|
|a urn:nbn:sk:snk-am003uzr
|
| 035 |
|
|
|a 4CEF5B75-A6BC-4FBB-A261-1250AEF4B414
|
| 040 |
|
|
|a SNK
|b slo
|c SNK
|e AACR2
|
| 041 |
0 |
|
|a slo
|
| 044 |
|
|
|a xo
|c SK
|
| 080 |
|
|
|a 908.100(087.5)
|2 1981
|
| 100 |
1 |
|
|a Beaumont, Émilie,
|d 1948-
|4 aut
|9 203901
|
| 240 |
1 |
0 |
|a L'imagerie de la terre
|l Slovensky
|
| 245 |
1 |
0 |
|a Obrázky Zeme
|c návrh milie Beaumontová ; text Agnes Vandewielová ; obrázky S. Alloy ... [et al.] ; [preložila Zora Sadloňová]
|
| 260 |
|
|
|a Bratislava
|b Mladé letá
|c c1999
|
| 300 |
|
|
|a 131 s.
|b fareb. ilustr.
|c 23 cm
|
| 500 |
|
|
|a Ilustr. na tit. strane a predsádkach
|
| 500 |
|
|
|a Údaj o prekl. prevzatý z rubu tit. strany
|
| 650 |
0 |
7 |
|a Zem
|x výklady populárno-náučné
|2 SNK
|9 296845
|
| 655 |
|
7 |
|a príručky
|2 SNK
|9 74364
|
| 700 |
1 |
|
|a Vandewiele, Agnes
|4 aut
|9 293584
|
| 700 |
1 |
|
|a Alloy, S.
|4 ill
|9 42589
|
| 700 |
1 |
|
|a Sadloňová, Zora,
|d 1954-
|4 trl
|9 100903
|
| 700 |
1 |
|
|a David, C.
|4 ill
|9 293585
|
| 700 |
1 |
|
|a Guiraud, F.
|4 ill
|9 44038
|
| 700 |
1 |
|
|a Bon, P.
|4 ill
|9 42977
|
| 700 |
1 |
|
|a Ruyer, F.
|4 ill
|9 293586
|
| 919 |
|
|
|a 80-06-00929-5
|
| 958 |
|
|
|a TL
|
| 958 |
|
|
|a OP
|
| 958 |
|
|
|a NS
|
| 958 |
|
|
|a FR
|
| 968 |
|
|
|b FR
|
| 999 |
|
|
|c 635719
|d 637649
|
| 952 |
|
|
|t P60, <03>, [BOOK], {603}
|a SNK
|b SNK
|y PREZ
|7 0
|p 17A0203496
|o snkSC 99286
|i snkKSP 7911/99
|0 0
|1 0
|4 0
|d 1999-07-27
|f 1
|l 0
|r 2025-09-18 00:00:00
|w 2026-02-23
|
| 952 |
|
|
|t P60, <04>, [BOOK], {604}
|a SNK
|b SNK
|y VYP
|7 0
|p 17A0203497
|o snkSC 99286 D1
|i snkKSP 7912/99
|0 0
|1 0
|4 0
|d 1999-07-27
|l 0
|r 2005-01-02 00:00:00
|w 2026-02-23
|